Normal view
MARC view
Entry Personal Name
001 - CONTROL NUMBER
- control field: 74314
003 - CONTROL NUMBER IDENTIFIER
- control field: dpl
005 - DATE AND TIME OF LATEST TRANSACTION
- control field: 20241128164620.0
008 - FIXED-LENGTH DATA ELEMENTS
- fixed length control field: 241128|| aca||aabn | a|a d
040 ## - CATALOGING SOURCE
- Original cataloging agency: dpl
- Transcribing agency: dpl
100 ## - HEADING--PERSONAL NAME
- Personal name: Agrawal, Rohit
670 ## - SOURCE DATA FOUND
- Source citation: Work cat.: (dpl)207186: Choudhary, Shubh Karan 74313, NEET Chemistry for Class 11 & 12 Volume I & II/, 2025
